[Event "International Chess Tournament Paracin 2"]
[Site "Paracin, Serbia"]
[Date "2021.07.13"]
[Round "5.1"]
[White "Budisavljevic, Luka"]
[Black "Bryakin, Mikhail"]
[Result "1/2-1/2"]
[WhiteElo "2509"]
[BlackElo "2463"]
[PlyCount "58"]
[EventDate "2021.??.??"]

1. e4 e5 2. Nf3 Nc6 3. d4 exd4 4. Bc4 Bc5 5. c3 Nf6 6. cxd4 Bb4+ 7. Bd2 Bxd2+
8. Nbxd2 d5 9. exd5 Nxd5 10. O-O O-O 11. Re1 Nb6 12. Bd3 Nxd4 13. Nxd4 Qxd4 14.
Qc2 h6 15. Nb3 Qf6 16. Qxc7 Qxb2 17. Be4 Nd7 18. Bf3 Nf6 19. Qc5 Nd7 20. Qe7
Qf6 21. Rac1 Qxe7 22. Rxe7 Nf6 23. Nc5 Rb8 24. Nxb7 Be6 25. Na5 Bxa2 26. Nc6
Rb1 27. Rxb1 Bxb1 28. Rxa7 Re8 29. h4 Be4 1/2-1/2

[Event "International Chess Tournament Paracin 2"]
[Site "Paracin, Serbia"]
[Date "2021.07.13"]
[Round "5.2"]
[White "Muradli, Mahammad"]
[Black "Petrosyan, Manuel"]
[Result "1/2-1/2"]
[WhiteElo "2461"]
[BlackElo "2632"]
[PlyCount "135"]
[EventDate "2021.??.??"]

1. c4 e6 2. Nc3 d5 3. d4 Bb4 4. a3 Bxc3+ 5. bxc3 Nf6 6. e3 c6 7. Nf3 O-O 8. a4
b6 9. Ba3 Re8 10. cxd5 Qxd5 11. Qb1 Ba6 12. Bxa6 Nxa6 13. O-O c5 14. Qd3 Nb8
15. Rfd1 cxd4 16. cxd4 Nc6 17. Rdc1 Na5 18. Rab1 Rac8 19. Qa6 Rxc1+ 20. Rxc1
Qd7 21. Bb4 Qxa4 22. Be1 Qd7 23. Bxa5 Qa4 24. Ne5 Qxa5 25. Qb7 Rf8 26. g3 Nd5
27. Nd7 Qd2 28. Ra1 Re8 29. Qxa7 h5 30. Ne5 Re7 31. Qb8+ Kh7 32. e4 Nf6 33. Rf1
Nd7 34. Qd6 Nxe5 35. Qxe5 h4 36. d5 h3 37. Qh5+ Qh6 38. Qxh6+ Kxh6 39. d6 Rd7
40. e5 f6 41. f4 Kg6 42. g4 fxe5 43. fxe5 Kg5 44. Rf8 Kxg4 45. Kf2 Ra7 46. Ke3
Ra3+ 47. Kd4 Ra5 48. Rf7 g5 49. Rf6 Ra2 50. Kc3 Ra3+ 51. Kc4 Ra2 52. Kc3 Ra3+
53. Kc4 Ra4+ 54. Kb5 Ra5+ 55. Kxb6 Rxe5 56. d7 Rd5 57. Kc7 Rd2 58. Rxe6 Rxd7+
59. Kxd7 Kf3 60. Kd6 g4 61. Rg6 Kg2 62. Ke5 Kxh2 63. Kf4 Kg2 64. Rxg4+ Kf2 65.
Rh4 Kg2 66. Rg4+ Kf2 67. Rh4 Kg2 68. Rg4+ 1/2-1/2

[Event "International Chess Tournament Paracin 2"]
[Site "Paracin, Serbia"]
[Date "2021.07.13"]
[Round "5.4"]
[White "Dudin, Gleb"]
[Black "Sturt, Raven"]
[Result "0-1"]
[WhiteElo "2439"]
[BlackElo "2500"]
[PlyCount "56"]
[EventDate "2021.??.??"]

1. d4 d5 2. c4 c6 3. Nf3 Nf6 4. Nc3 e6 5. g3 dxc4 6. Bg2 b5 7. Ne5 a6 8. a4 Bb7
9. axb5 axb5 10. Rxa8 Bxa8 11. O-O Nd5 12. e4 Nxc3 13. bxc3 Nd7 14. Bf4 Bb7 15.
Nxc6 Bxc6 16. d5 Bb7 17. dxe6 fxe6 18. Qh5+ g6 19. Qxb5 Qc8 20. Rb1 Ba8 21. Bf1
Qc6 22. Qxc6 Bxc6 23. Bxc4 Kf7 24. Ra1 Bc5 25. Ra6 Rc8 26. Kf1 Bb6 27. f3 Bb7
28. Ra4 Rxc4 0-1

[Event "International Chess Tournament Paracin 2"]
[Site "Paracin, Serbia"]
[Date "2021.07.13"]
[Round "5.6"]
[White "Raja, Rithvik R"]
[Black "Puranik, Abhimanyu"]
[Result "1/2-1/2"]
[WhiteElo "2408"]
[BlackElo "2589"]
[PlyCount "120"]
[EventDate "2021.??.??"]

1. d4 Nf6 2. c4 g6 3. Nc3 d5 4. cxd5 Nxd5 5. e4 Nxc3 6. bxc3 Bg7 7. Nf3 c5 8.
Bb5+ Nc6 9. Rb1 O-O 10. d5 Ne5 11. O-O Bg4 12. Be2 Qc7 13. h3 Nxf3+ 14. Bxf3
Bd7 15. c4 Rab8 16. Bg5 Qd6 17. Qd2 b6 18. Be2 f5 19. exf5 gxf5 20. Qf4 Bf6 21.
Rfe1 Bxg5 22. Qxg5+ Kh8 23. Bh5 Rf6 24. Qe3 Be8 25. Bf3 Rf7 26. Qc3+ Qf6 27.
Qa3 Bd7 28. Qxa7 Qd6 29. Re2 Rg7 30. Rbe1 Rf8 31. Qa3 Kg8 32. Qc3 Rf6 33. Qe5
Kf8 34. a4 Qxe5 35. Rxe5 f4 36. Kh2 Bxa4 37. Ra1 Bc2 38. Ra8+ Kf7 39. Bh5+ Bg6
40. Bg4 Bd3 41. Bd7 Rd6 42. Bb5 Kf6 43. Re1 Bf5 44. g4 fxg3+ 45. fxg3 h5 46.
Rf8+ Rf7 47. Rh8 Rh7 48. Rf8+ Rf7 49. Rg8 e6 50. g4 hxg4 51. hxg4 Rh7+ 52. Kg3
Bd3 53. Rf8+ Rf7 54. Rxf7+ Kxf7 55. Re3 Bb1 56. Re1 Bd3 57. Re3 Bb1 58. Bc6 Ba2
59. dxe6+ Ke7 60. Bb5 Rd4 1/2-1/2

[Event "International Chess Tournament Paracin 2"]
[Site "Paracin, Serbia"]
[Date "2021.07.13"]
[Round "5.7"]
[White "Postny, Evgeny"]
[Black "Sargsyan, Anna M"]
[Result "1-0"]
[WhiteElo "2578"]
[BlackElo "2397"]
[PlyCount "73"]
[EventDate "2021.??.??"]

1. d4 d5 2. c4 c6 3. Nf3 Nf6 4. Nc3 e6 5. e3 Nbd7 6. b3 Bb4 7. Bd2 O-O 8. Bd3
Re8 9. Ne2 Bd6 10. Bc3 e5 11. dxe5 Nxe5 12. Nxe5 Bxe5 13. Bxe5 Rxe5 14. O-O Qe7
15. Nf4 h5 16. cxd5 cxd5 17. h3 h4 18. Rc1 g5 19. Ne2 g4 20. Nf4 Rg5 21. Kh1
Be6 22. Qc2 Rd8 23. Qc7 Rd7 24. Qb8+ Kg7 25. Bb5 gxh3 26. gxh3 Rd8 27. Qc7 Qd6
28. Qxb7 Qe5 29. Qc7 Rd6 30. Rg1 Ne4 31. Rxg5+ Nxg5 32. Rg1 Kh6 33. Bd3 Nf3 34.
Rc1 Bxh3 35. Qxf7 Bg4 36. Qh7+ Kg5 37. Qg8+ 1-0

[Event "International Chess Tournament Paracin 2"]
[Site "Paracin, Serbia"]
[Date "2021.07.13"]
[Round "5.8"]
[White "Perez Gormaz, Matias"]
[Black "Aleksandrov, Aleksej"]
[Result "0-1"]
[WhiteElo "2400"]
[BlackElo "2535"]
[PlyCount "137"]
[EventDate "2021.??.??"]

1. d4 Nf6 2. c4 e6 3. g3 d5 4. Bg2 dxc4 5. Nf3 a6 6. O-O Nc6 7. Nbd2 Nxd4 8.
Nxc4 Nxf3+ 9. Bxf3 Qxd1 10. Rxd1 Be7 11. Na5 Nd5 12. e4 Nb4 13. Bf4 b6 14. Nc4
b5 15. a3 Nc6 16. Ne5 Nd8 17. a4 f6 18. Nd3 e5 19. Be3 bxa4 20. Rdc1 Ne6 21.
Bd1 Bd7 22. Bxa4 Bxa4 23. Rxa4 Kf7 24. f4 Rhd8 25. Rc3 exf4 26. gxf4 g6 27. Kf2
a5 28. Ke2 Bd6 29. Rc1 c5 30. e5 fxe5 31. fxe5 Be7 32. Nxc5 Bxc5 33. Bxc5 Rab8
34. Ba3 Rb5 35. Re4 Rdd5 36. Rf1+ Kg7 37. Rf6 Nd4+ 38. Kf2 Rxe5 39. Rxe5 Kxf6
40. Re4 Nc2 41. Ra4 Ke6 42. Kg3 Nxa3 43. bxa3 Kd5 44. Kh4 Kc6 45. Kg4 Rc5 46.
Re4 Rh5 47. h4 Kb5 48. Rf4 Rd5 49. Re4 Kc5 50. Kf4 Rf5+ 51. Kg4 Kb5 52. Rd4 Rc5
53. a4+ Kc6 54. Kf4 Rh5 55. Kg4 Kc5 56. Re4 Rd5 57. Kf4 Rf5+ 58. Kg4 h6 59. Re6
h5+ 60. Kg3 Kb4 61. Rxg6 Kxa4 62. Rg5 Rb5 63. Kf4 Kb4 64. Rg1 a4 65. Rb1+ Kc4
66. Rc1+ Kd3 67. Rg1 Kc3 68. Ra1 Ra5 69. Rb1 0-1

[Event "International Chess Tournament Paracin 2"]
[Site "Paracin, Serbia"]
[Date "2021.07.13"]
[Round "5.9"]
[White "Yankelevich, Lev"]
[Black "Annaberdiev, Meilis"]
[Result "1-0"]
[WhiteElo "2389"]
[BlackElo "2532"]
[PlyCount "121"]
[EventDate "2021.??.??"]

1. d4 Nf6 2. c4 e6 3. Nc3 c5 4. d5 exd5 5. cxd5 d6 6. e4 g6 7. Bd3 Bg7 8. h3
O-O 9. Nf3 a6 10. a4 Nbd7 11. O-O Qe7 12. Re1 h6 13. Bf4 Nh5 14. Be3 Rb8 15.
Rb1 Re8 16. Qd2 Kh7 17. Bf1 Ne5 18. Nxe5 Qxe5 19. g4 Nf6 20. Bf4 Qd4 21. Rbd1
Qxd2 22. Rxd2 Bf8 23. e5 dxe5 24. Bxe5 Nd7 25. Bxb8 Rxe1 26. Bg3 b5 27. Re2
Rxe2 28. Bxe2 bxa4 29. Nxa4 Bb7 30. d6 Bg7 31. Bc4 Kg8 32. Bf4 Bc6 33. b3 a5
34. Be3 Bd4 35. Bxh6 Be5 36. Bd2 Bxd6 37. Bxa5 Ne5 38. Nb2 Nf3+ 39. Kf1 Nh2+
40. Ke2 Nf3 41. Nd3 Ng1+ 42. Ke3 Nxh3 43. Bb6 Bd7 44. f3 Bc6 45. Bxc5 Bh2 46.
b4 Bg1+ 47. Ke2 Bxc5 48. Nxc5 Ng1+ 49. Ke3 Nxf3 50. b5 Ne5 51. bxc6 Nxc4+ 52.
Kd4 Nd6 53. Ke5 Nc4+ 54. Kf6 Ne3 55. Nd7 Nd5+ 56. Ke5 Nc7 57. Nf6+ Kf8 58. Nd5
Nb5 59. c7 Na7 60. Nb6 Kg7 61. g5 1-0

[Event "International Chess Tournament Paracin 2"]
[Site "Paracin, Serbia"]
[Date "2021.07.13"]
[Round "5.10"]
[White "Sadikhov, Ulvi"]
[Black "Pikula, Dejan"]
[Result "0-1"]
[WhiteElo "2490"]
[BlackElo "2384"]
[PlyCount "74"]
[EventDate "2021.??.??"]

1. c4 e5 2. d3 Nc6 3. a3 g6 4. b4 Bg7 5. Bb2 f5 6. Nf3 d6 7. e3 Nf6 8. Be2 O-O
9. Nc3 h6 10. d4 Ne4 11. d5 Nxc3 12. Bxc3 Ne7 13. Nd2 g5 14. h4 gxh4 15. Qb3 c6
16. a4 Kh7 17. O-O-O cxd5 18. cxd5 Bd7 19. Kb1 Qe8 20. b5 a6 21. Rxh4 axb5 22.
axb5 b6 23. Rdh1 Qf7 24. Nf3 Qf6 25. Nd4 Ng6 26. Rh5 exd4 27. Bxd4 Qe7 28. Bd3
Ne5 29. g4 Nxg4 30. Qc2 Qf7 31. f3 Nf6 32. Bxf5+ Bxf5 33. Rxf5 Qg6 34. e4 Nd7
35. Rfh5 Ne5 36. Qe2 Ra3 37. Be3 Rfa8 0-1

[Event "International Chess Tournament Paracin 2"]
[Site "Paracin, Serbia"]
[Date "2021.07.13"]
[Round "5.11"]
[White "Mullick, Raahil"]
[Black "Raja, Harshit"]
[Result "1-0"]
[WhiteElo "2386"]
[BlackElo "2484"]
[PlyCount "81"]
[EventDate "2021.??.??"]

1. e4 e5 2. Nf3 Nc6 3. Bb5 a6 4. Ba4 Nf6 5. O-O Bc5 6. c3 b5 7. Bb3 d6 8. a4
Bg4 9. h3 Bxf3 10. Qxf3 b4 11. a5 O-O 12. d3 h6 13. Rd1 Rb8 14. Bc4 bxc3 15.
bxc3 Nxa5 16. Rxa5 Rxb1 17. Rxa6 Nd7 18. Ba2 Ra1 19. Qe2 Qb8 20. d4 exd4 21.
Bxf7+ Rxf7 22. Rxa1 dxc3 23. Be3 Qb2 24. Ra8+ Rf8 25. Qc4+ Kh7 26. Rxf8 Nxf8
27. Bxc5 c2 28. Re1 dxc5 29. e5 Ng6 30. e6 Qb4 31. Qe2 Qb1 32. Qe4 Qb4 33. Qe3
Qd4 34. Qc1 Qd3 35. e7 Nxe7 36. Rxe7 c4 37. Re3 Qd1+ 38. Re1 Qd3 39. Kh2 c3 40.
Qf4 h5 41. f3 1-0

[Event "International Chess Tournament Paracin 2"]
[Site "Paracin, Serbia"]
[Date "2021.07.13"]
[Round "5.12"]
[White "Nikitenko, Mihail"]
[Black "Vatsal, Singhania"]
[Result "1/2-1/2"]
[WhiteElo "2472"]
[BlackElo "2371"]
[PlyCount "115"]
[EventDate "2021.??.??"]

1. Nf3 d5 2. d4 Nf6 3. e3 e6 4. Bd3 c5 5. c3 Nc6 6. Nbd2 Bd6 7. dxc5 Bxc5 8.
O-O O-O 9. Qe2 e5 10. e4 Bg4 11. b4 Bd6 12. Bb2 dxe4 13. Nxe4 Nxe4 14. Bxe4 f5
15. Bxc6 bxc6 16. Qc4+ Kh8 17. Qxc6 e4 18. Rfd1 Rf6 19. c4 Bxh2+ 20. Kxh2 Rxc6
21. Rxd8+ Rxd8 22. Ne5 Rc7 23. Nxg4 fxg4 24. c5 Rd2 25. Be5 Re7 26. Bd6 Rf7 27.
Bg3 Rc2 28. Rd1 h5 29. Rd5 g6 30. a3 Rf5 31. Rxf5 gxf5 32. Bd6 a6 33. a4 f4 34.
b5 axb5 35. axb5 g3+ 36. fxg3 f3 37. b6 Kh7 38. b7 Rb2 39. Be5 Rxb7 40. gxf3 e3
41. c6 Rb5 42. c7 Rc5 43. Kg2 e2 44. c8=Q Rxc8 45. Kf2 e1=Q+ 46. Kxe1 Re8 47.
f4 Kg6 48. Kf2 Kf5 49. Kg2 Kg4 50. Kh2 Rc8 51. f5 Rc2+ 52. Kg1 Kxf5 53. Bd6 Kg4
54. Bb8 Kf3 55. Bd6 Rg2+ 56. Kh1 Rd2 57. Bb8 Kg4 58. Kg1 1/2-1/2

[Event "International Chess Tournament Paracin 2"]
[Site "Paracin, Serbia"]
[Date "2021.07.13"]
[Round "5.13"]
[White "Gharibyan, Mamikon"]
[Black "Gurel, Ediz"]
[Result "1-0"]
[WhiteElo "2464"]
[BlackElo "2346"]
[PlyCount "81"]
[EventDate "2021.??.??"]

1. d4 Nf6 2. c4 e6 3. Nf3 b6 4. Bf4 Bb7 5. e3 d5 6. Nc3 Be7 7. Rc1 dxc4 8. Bxc4
O-O 9. O-O c5 10. Qe2 Nd5 11. dxc5 Nxf4 12. exf4 Bxc5 13. Ng5 Qe7 14. Qd3 g6
15. Qh3 h5 16. Rce1 Bc8 17. Qf3 Qb7 18. Nce4 Bd4 19. Qg3 Qc7 20. Rc1 Qe7 21.
Rfe1 Bg7 22. Rcd1 Nc6 23. f5 gxf5 24. Nd6 Ne5 25. Bb3 Qf6 26. f4 Ng4 27. h3 Nh6
28. Qf3 Bd7 29. Ndxf7 Nxf7 30. Nxf7 Rxf7 31. Qxa8+ Kh7 32. Qf3 h4 33. Rd6 Re7
34. Qd1 Bc8 35. Qc2 Bd7 36. Qd2 Bc8 37. Qe3 Qxb2 38. Kh2 Bh6 39. Bxe6 Rg7 40.
Re2 Qf6 41. Bg8+ 1-0

[Event "International Chess Tournament Paracin 2"]
[Site "Paracin, Serbia"]
[Date "2021.07.13"]
[Round "5.14"]
[White "Aditya, Mittal"]
[Black "Kamalidenova, Meruert"]
[Result "1-0"]
[WhiteElo "2438"]
[BlackElo "2334"]
[PlyCount "91"]
[EventDate "2021.??.??"]

1. d4 Nf6 2. c4 g6 3. Nc3 Bg7 4. e4 d6 5. Be2 O-O 6. Be3 c5 7. d5 e6 8. Nf3
exd5 9. cxd5 Bg4 10. Nd2 Bxe2 11. Qxe2 Re8 12. O-O Nbd7 13. h3 a6 14. a4 Nh5
15. g4 Nhf6 16. Bf4 Qe7 17. Rfe1 Ne5 18. Bg3 h5 19. f4 hxg4 20. fxe5 Nh5 21.
exd6 Qg5 22. h4 Qf6 23. Nf1 Nxg3 24. Nxg3 Qxh4 25. Qh2 Qg5 26. d7 Re7 27. Rad1
Be5 28. Kg2 Rxd7 29. Rh1 b5 30. d6 Qe3 31. Rdf1 bxa4 32. Nd5 Qg5 33. Qh7+ Kf8
34. Ne7 Rxe7 35. dxe7+ Qxe7 36. Qxg6 Rb8 37. Qh6+ Ke8 38. Qc6+ Kf8 39. Nf5
Rxb2+ 40. Kg1 Qe6 41. Qa8+ Qe8 42. Qd5 Qe6 43. Qd8+ Qe8 44. Qd6+ Kg8 45. Nh6+
Kg7 46. Rxf7+ 1-0

[Event "International Chess Tournament Paracin 2"]
[Site "Paracin, Serbia"]
[Date "2021.07.13"]
[Round "5.15"]
[White "Nugumanov, Bakhtiyar"]
[Black "Ahmadzada, Ahmad"]
[Result "0-1"]
[WhiteElo "2375"]
[BlackElo "2431"]
[PlyCount "92"]
[EventDate "2021.??.??"]

1. e4 c5 2. Nc3 Nc6 3. Nge2 e5 4. g3 g6 5. Bg2 Bg7 6. d3 d6 7. O-O Nge7 8. Be3
O-O 9. Qd2 Be6 10. f4 Nd4 11. Nd1 Qd7 12. Nc1 exf4 13. gxf4 f5 14. Nf2 Rae8 15.
c3 Ndc6 16. Ne2 b6 17. d4 fxe4 18. dxc5 dxc5 19. Qxd7 Bxd7 20. Nxe4 Nf5 21. Bf2
Nce7 22. Rfe1 Bc6 23. Rad1 Rd8 24. Nc1 Rxd1 25. Rxd1 Nd5 26. Nf6+ Rxf6 27.
Bxd5+ Bxd5 28. Rxd5 Rd6 29. Rxd6 Nxd6 30. Kg2 Kf7 31. Kf3 Ke6 32. Ne2 Nc4 33.
b3 Nd2+ 34. Kg2 Kd5 35. Be1 Ke4 36. f5 gxf5 37. Ng3+ Kd3 38. Nxf5 Bxc3 39. Bg3
b5 40. Ne7 c4 41. bxc4 bxc4 42. Nc6 Bd4 43. Nb4+ Ke2 44. Nc6 Nf3 45. Bf4 c3 46.
a4 Be3 0-1

[Event "International Chess Tournament Paracin 2"]
[Site "Paracin, Serbia"]
[Date "2021.07.13"]
[Round "5.16"]
[White "Sankalp, Gupta"]
[Black "Sredojevic, Ivan"]
[Result "1/2-1/2"]
[WhiteElo "2429"]
[BlackElo "2284"]
[PlyCount "65"]
[EventDate "2021.??.??"]

1. e4 d6 2. d4 g6 3. Nc3 Bg7 4. Be3 a6 5. Qd2 b5 6. Bd3 Bb7 7. Nce2 Nf6 8. f3
Nbd7 9. a4 bxa4 10. Rxa4 c5 11. c3 Nb6 12. Ra2 cxd4 13. cxd4 Nfd7 14. Nh3 d5
15. Bh6 Bxh6 16. Qxh6 dxe4 17. fxe4 Nc5 18. Qe3 Nxd3+ 19. Qxd3 f5 20. Ng5 Bxe4
21. Nxe4 fxe4 22. Qxe4 Qd5 23. Qxd5 Nxd5 24. O-O Kd7 25. Ra5 Nc7 26. Nc1 Rhd8
27. Re5 Ke8 28. Rfe1 e6 29. Rc5 Ra7 30. Nb3 Rb8 31. Re3 Rb5 32. Rce5 Kf7 33.
Rxb5 1/2-1/2

[Event "International Chess Tournament Paracin 2"]
[Site "Paracin, Serbia"]
[Date "2021.07.13"]
[Round "5.17"]
[White "Pranav, V."]
[Black "Savic, Miodrag R"]
[Result "1-0"]
[WhiteElo "2366"]
[BlackElo "2421"]
[PlyCount "97"]
[EventDate "2021.??.??"]

1. e4 d5 2. exd5 Qxd5 3. Nc3 Qa5 4. d4 c6 5. Nf3 Nf6 6. Bc4 Bf5 7. Bd2 e6 8.
Nd5 Qd8 9. Nxf6+ gxf6 10. c3 Nd7 11. O-O Qc7 12. Nh4 Bg6 13. Re1 Nb6 14. Bf1
Bg7 15. g3 Rd8 16. a4 a5 17. Qb3 Nd5 18. c4 Ne7 19. Be3 O-O 20. Bh3 Nc8 21.
Rac1 Rfe8 22. d5 c5 23. Red1 Nd6 24. dxe6 fxe6 25. Bf4 e5 26. Be3 b6 27. Rd2
Bf7 28. Bg2 f5 29. Bg5 Rd7 30. Rcd1 Be6 31. Bd5 Rf7 32. Bxe6 Rxe6 33. Rd5 h6
34. Bc1 Bf6 35. Rxd6 Rxd6 36. Rxd6 Qxd6 37. Nxf5 Qd7 38. Nxh6+ Kg7 39. Nxf7
Kxf7 40. Qf3 Kg7 41. b3 e4 42. Qh5 Kf8 43. Kg2 Qd3 44. Qf5 Ke7 45. Be3 Bd4 46.
Bg5+ Kd6 47. Qd5+ Kc7 48. Bf4+ Kc8 49. Qc6+ 1-0

[Event "International Chess Tournament Paracin 2"]
[Site "Paracin, Serbia"]
[Date "2021.07.13"]
[Round "5.18"]
[White "Samadov, Read"]
[Black "Polschikov, Alexey"]
[Result "1/2-1/2"]
[WhiteElo "2332"]
[BlackElo "2420"]
[PlyCount "71"]
[EventDate "2021.??.??"]

1. d4 Nf6 2. c4 e6 3. Nc3 Bb4 4. f3 d5 5. a3 Bxc3+ 6. bxc3 c5 7. cxd5 exd5 8.
e3 O-O 9. Bd3 b6 10. Ne2 Re8 11. O-O Qd7 12. c4 dxc4 13. Bxc4 Ba6 14. Bxa6 Nxa6
15. e4 cxd4 16. Nxd4 Rad8 17. Bb2 Nc5 18. Nf5 Qb5 19. Qc1 Nh5 20. Nd4 Qd7 21.
Rd1 Na4 22. Rb1 Nxb2 23. Rxb2 Qd6 24. Rbd2 Rc8 25. Qb2 Qc5 26. Kh1 Qe5 27. Qb3
g6 28. Qa4 Qg5 29. Ne2 Re7 30. Qb4 Rce8 31. Nc3 Nf6 32. Rd6 h5 33. Nd5 Nxd5 34.
R6xd5 Qf4 35. Rd8 Kg7 36. Qc3+ 1/2-1/2

[Event "International Chess Tournament Paracin 2"]
[Site "Paracin, Serbia"]
[Date "2021.07.13"]
[Round "5.19"]
[White "Kosic, Dragan"]
[Black "Ivanovic, Marko"]
[Result "1-0"]
[WhiteElo "2419"]
[BlackElo "2245"]
[PlyCount "109"]
[EventDate "2021.??.??"]

1. d4 Nf6 2. Nf3 e6 3. c4 Bb4+ 4. Nbd2 b6 5. e3 Bb7 6. Bd3 O-O 7. O-O a5 8. a3
Bxd2 9. Nxd2 d6 10. b3 Nbd7 11. Bb2 Qe7 12. e4 e5 13. Re1 g6 14. Nf1 Nh5 15. g3
Ng7 16. Ne3 Ne6 17. Nd5 Qg5 18. dxe5 dxe5 19. Bf1 c6 20. Nc7 Rad8 21. Nxe6 fxe6
22. Qc2 Nb8 23. h4 Qf6 24. f4 Nd7 25. Rad1 Qe7 26. Qc3 h6 27. Bh3 Bc8 28. b4
axb4 29. axb4 Kh7 30. fxe5 g5 31. hxg5 Qxg5 32. Rf1 Qg6 33. Qe3 Rg8 34. Kh2 Qh5
35. Rd6 Nxe5 36. Bxe5 Qxe5 37. Rxd8 Rxd8 38. Qxb6 Rd7 39. Bg2 h5 40. Rf4 Bb7
41. Qf2 Rg7 42. Rh4 Ba6 43. c5 Rg5 44. Qf7+ Kh6 45. Rf4 Rg7 46. Qf6+ Qxf6 47.
Rxf6+ Rg6 48. e5 Bb5 49. Be4 Rxf6 50. exf6 e5 51. Kg2 Ba4 52. Kf2 Bb5 53. Ke3
Ba4 54. Bf5 Bb3 55. Ke4 1-0

[Event "International Chess Tournament Paracin 2"]
[Site "Paracin, Serbia"]
[Date "2021.07.13"]
[Round "5.20"]
[White "Kurmangaliyeva, Liya"]
[Black "Abergel, Thal"]
[Result "1/2-1/2"]
[WhiteElo "2322"]
[BlackElo "2414"]
[PlyCount "98"]
[EventDate "2021.??.??"]

1. e4 c5 2. Nf3 d6 3. d4 cxd4 4. Qxd4 a6 5. c4 Nf6 6. h3 g6 7. Nc3 Bg7 8. Be2
O-O 9. Qe3 Nbd7 10. O-O b6 11. Rb1 Bb7 12. b4 e6 13. Rd1 Qc7 14. Bb2 Rfd8 15.
Rd2 Rac8 16. Rbd1 Ne8 17. Na4 Bc6 18. b5 axb5 19. cxb5 Bb7 20. Rc1 Nc5 21. Bxg7
Kxg7 22. e5 Bxf3 23. exd6 Qa7 24. Nxc5 Bd5 25. d7 Rxd7 26. Rxd5 exd5 27. Ne6+
fxe6 28. Rxc8 Re7 29. Qe5+ Kf7 30. Qh8 Qxa2 31. Qxh7+ Ng7 32. Qg8+ Kf6 33. Qf8+
Rf7 34. Qd8+ Ke5 35. Bf3 Qa1+ 36. Kh2 Qd4 37. Rc2 Rxf3 38. Re2+ Kf5 39. gxf3
Qf4+ 40. Kg2 Nh5 41. Qxb6 Qg5+ 42. Kf1 Nf4 43. Rc2 Qg2+ 44. Ke1 Qxf3 45. Kd2
Qe2+ 46. Kc3 Qc4+ 47. Kd2 Qe2+ 48. Kc3 Qc4+ 49. Kd2 Qe2+ 1/2-1/2

[Event "International Tournament "]
[Site "Pool "]
[Date "2021.07.13"]
[Round "5.21"]
[White "Ter-Sahakyan, Samvel"]
[Black "Ozenir, Ekin Baris"]
[Result "1-0"]
[WhiteElo "2643"]
[BlackElo "2331"]
[PlyCount "37"]
[EventDate "2021.07.09"]

1. e4 e6 2. d4 d5 3. Nc3 Nf6 4. e5 Nfd7 5. f4 c5 6. Nf3 Nc6 7. Be3 Be7 8. Qd2
O-O 9. dxc5 Nxc5 10. O-O-O a6 11. h4 Qa5 12. Kb1 b5 13. Nd4 Qc7 14. Nf5 exf5
15. Nxd5 Qd8 16. Qc3 Kh8 17. Bxc5 Be6 18. Bxb5 axb5 19. Nxe7 1-0

[Event "International Tournament "]
[Site "Pool "]
[Date "2021.07.13"]
[Round "5.22"]
[White "Suleymanli, Aydin"]
[Black "Nogerbek, Kazybek"]
[Result "1-0"]
[WhiteElo "2563"]
[BlackElo "2328"]
[PlyCount "91"]
[EventDate "2021.07.09"]

1. d4 Nf6 2. Nf3 d5 3. Bf4 Bf5 4. e3 e6 5. c4 Bxb1 6. Qxb1 Bb4+ 7. Kd1 Bd6 8.
Bg5 Be7 9. Bxf6 Bxf6 10. cxd5 exd5 11. Qf5 g6 12. Qf4 c5 13. Bb5+ Nc6 14. Rc1
c4 15. b3 cxb3 16. axb3 O-O 17. Bxc6 bxc6 18. Rxc6 Bg7 19. Qc7 Qe8 20. Qd6 Qe4
21. Ke2 Rab8 22. Rc3 Rb6 23. Qa3 a6 24. Rhc1 h6 25. h3 Kh7 26. Rc7 g5 27. R1c6
Rxc6 28. Rxc6 Rb8 29. Qxa6 Qb1 30. Nd2 Qh1 31. Qd3+ Kg8 32. Qf5 Qxg2 33. Rc7
Rf8 34. Rd7 Qh1 35. b4 Qa1 36. Qxd5 Qa6+ 37. b5 Qg6 38. Rd6 Qh5+ 39. Kd3 Qxh3
40. b6 Qc8 41. b7 Qc7 42. Nc4 h5 43. Rd7 Qh2 44. Rd8 Qxf2 45. Rxf8+ Bxf8 46.
Qxg5+ 1-0

[Event "International Tournament "]
[Site "Pool "]
[Date "2021.07.13"]
[Round "5.23"]
[White "Iskandarov, Misratdin"]
[Black "Ohanyan, Emin"]
[Result "1-0"]
[WhiteElo "2533"]
[BlackElo "2324"]
[PlyCount "145"]
[EventDate "2021.07.09"]

1. e4 e5 2. Nf3 Nc6 3. Bb5 Nf6 4. O-O Nxe4 5. d4 Nd6 6. Bxc6 dxc6 7. dxe5 Nf5
8. Qxd8+ Kxd8 9. Nc3 Ke8 10. h3 h6 11. b3 Be6 12. Bb2 Rd8 13. Rad1 Rxd1 14.
Rxd1 Ne7 15. Nd4 Nd5 16. Ne4 Bc8 17. c4 Nf4 18. Bc1 Ne6 19. Nxe6 Bxe6 20. g4 h5
21. f3 hxg4 22. hxg4 Be7 23. Kg2 f5 24. exf6 gxf6 25. Bf4 f5 26. gxf5 Bxf5 27.
Bxc7 Rg8+ 28. Kf2 Bxe4 29. fxe4 Rf8+ 30. Ke2 Rg8 31. Kf3 Rf8+ 32. Kg2 Rg8+ 33.
Bg3 Kf7 34. Kf3 Ke6 35. Rh1 Rf8+ 36. Ke2 Rg8 37. Rh6+ Kf7 38. Kf3 Rg6 39. Rh7+
Rg7 40. Rh5 Ke6 41. Rh8 Rf7+ 42. Ke2 Rf8 43. Rh6+ Rf6 44. Rh5 Rf7 45. Be5 a6
46. Bd4 Rf4 47. Ke3 Rf7 48. Bc3 Bd8 49. Rh8 Bg5+ 50. Ke2 Bf4 51. Bd4 Bg5 52.
Rg8 Bf4 53. Rg6+ Kd7 54. Kd3 Re7 55. Bf6 Re6 56. Rg7+ Kc8 57. Rf7 Rd6+ 58. Ke2
Re6 59. Kf3 Bd6 60. Bg5 Re8 61. Rh7 Bc7 62. Bf4 Bd8 63. e5 Bb6 64. Ke4 Bc7 65.
Rf7 Bd6 66. Kf5 Be7 67. e6 Kd8 68. Be5 Kc8 69. c5 Bd8 70. Bd6 Ba5 71. b4 Bd8
72. e7 Bc7 73. Ke6 1-0

[Event "International Tournament "]
[Site "Pool "]
[Date "2021.07.13"]
[Round "5.24"]
[White "Vetokhin, Savva"]
[Black "Mohammad, Nubairshah Shaikh"]
[Result "1/2-1/2"]
[WhiteElo "2324"]
[BlackElo "2436"]
[PlyCount "42"]
[EventDate "2021.07.09"]

1. e4 c6 2. d4 d5 3. e5 Bf5 4. Nd2 e6 5. Nb3 a6 6. Nf3 c5 7. dxc5 Bxc5 8. Nxc5
Qa5+ 9. c3 Qxc5 10. Nd4 Ne7 11. Be3 Qc7 12. f4 Nbc6 13. Be2 g5 14. fxg5 Qxe5
15. Qd2 Rg8 16. O-O Be4 17. Bh5 Bg6 18. Rf6 Qc7 19. Bxg6 Rxg6 20. Raf1 Rxf6 21.
gxf6 Ng6 1/2-1/2

[Event "International Tournament "]
[Site "Pool "]
[Date "2021.07.13"]
[Round "5.25"]
[White "Stankovic, Milos"]
[Black "Czerw, Dawid"]
[Result "1-0"]
[WhiteElo "2421"]
[BlackElo "2306"]
[PlyCount "97"]
[EventDate "2021.07.09"]

1. d4 d5 2. Nf3 Nf6 3. Bf4 c5 4. e3 Nc6 5. Nbd2 e6 6. c3 cxd4 7. exd4 Nh5 8.
Be3 Bd6 9. Ne5 g6 10. Nd3 Qc7 11. g3 b6 12. Rc1 Bb7 13. Be2 Ng7 14. Bg5 O-O 15.
O-O f6 16. Bh6 e5 17. Nb3 Qf7 18. Ne1 Ne7 19. Ng2 Nef5 20. Bd2 Rac8 21. Re1 h5
22. Bf1 Ne6 23. Ne3 Nxe3 24. Bxe3 e4 25. f3 Ng5 26. Nd2 exf3 27. Nxf3 Ne4 28.
Bh3 Rc7 29. Qd3 Bc8 30. Bxc8 Rfxc8 31. Rf1 Qe6 32. Nh4 Kg7 33. Rce1 Re8 34. Bc1
Rce7 35. Qe3 Ng5 36. Qd3 Ne4 37. Ng2 Qh3 38. Bf4 g5 39. Bxd6 Nxd6 40. Qf3 Ne4
41. Ne3 Re6 42. Re2 g4 43. Qf4 Ng5 44. Nf5+ Kg6 45. Nh4+ Kg7 46. Rxe6 Rxe6 47.
Qf5 Re7 48. Qxd5 Ne4 49. Re1 1-0

[Event "International Tournament "]
[Site "Pool "]
[Date "2021.07.13"]
[Round "5.26"]
[White "Agibileg, Uurtsaikh"]
[Black "Dev, Shah"]
[Result "1-0"]
[WhiteElo "2413"]
[BlackElo "2270"]
[PlyCount "81"]
[EventDate "2021.07.09"]

1. d4 d5 2. c4 dxc4 3. Nf3 Nf6 4. Nc3 a6 5. e4 b5 6. e5 Nd5 7. a4 e6 8. axb5
Bb4 9. Bd2 Nb6 10. Be2 Bb7 11. O-O Bxc3 12. bxc3 axb5 13. Rxa8 Bxa8 14. Qb1 Bc6
15. Ng5 Nd5 16. Bh5 g6 17. Bf3 h6 18. Ne4 Kf8 19. h4 Qxh4 20. Nf6 Nxf6 21. Qb4+
Kg8 22. Qe7 Bxf3 23. exf6 Bc6 24. Ra1 Nd7 25. Qe8+ Nf8 26. Qxc6 Qxf6 27. Qxb5
e5 28. d5 Kg7 29. Qxc4 Nd7 30. Qxc7 Nb6 31. d6 Nd5 32. Qc5 Qe6 33. c4 Nf6 34.
Bc3 Nd7 35. Qc7 Nf6 36. Re1 Rc8 37. Rxe5 Qg4 38. f3 Qxc4 39. Qxc4 Rxc4 40. Re3
Rc8 41. Rd3 1-0